| 000 | 00790nam a22002057a 4500 | ||
|---|---|---|---|
| 999 |
_c4498 _d4498 |
||
| 003 | AR-CdUCM | ||
| 008 | 190308b ||||| |||| 00| 0 spa d | ||
| 040 |
_aMUNICIPALIDAD PROVINCIAL DEL CUSCO _cBIBLIOTECA MUNICIPAL DEL CUSCO |
||
| 082 |
_a711 / _bC 1 |
||
| 110 |
_aBanco Internacional de Desarrollo _914124 |
||
| 245 |
_aHabitat : _bConferencia de las Naciones Unidas sobre Asentamientos Humanos / |
||
| 260 |
_aVancouver : _c1976. |
||
| 300 |
_a98 páginas ; _c23 cm. |
||
| 505 | _aContenido: Tendencias y problemas de la Urbanización en América Latina -- Declaración de principios y recomendaciones para la acción Nacional. | ||
| 650 |
_aAsentamientos humanos _914125 |
||
| 650 |
_aUrbanización _95054 |
||
| 650 |
_aAmérica Latina _91130 |
||
| 942 |
_2ddc _cLIBROS |
||
| 945 | _aachl | ||